000
00305nam a2200133Ia 4500
005
20251222151339.0
008
251222s9999||||xx |||||||||||||| ||spa||
082
_a
800/P23
100
_a
Pantigoso, Manuel
245
0
_a
Piel de Palabra
250
_a
1ra.ed.
264
_b
Ediciones Altazor
942
_c
LIB
999
_c
24411
_d
24411